| 000 | 00619nam a22001817a 4500 | ||
|---|---|---|---|
| 999 |
_c475 _d475 |
||
| 005 | 20190815151314.0 | ||
| 008 | 190815b ||||| |||| 00| 0 eng d | ||
| 020 | _a9781849739405 | ||
| 040 | _cKH8 | ||
| 082 | _a540.2 EMS | ||
| 100 | _aEmsley, John | ||
| 245 |
_aChemistry at home : _bexploring the ingredients in everyday products / _cJohn Emsley. |
||
| 260 |
_aCambridge : _bRoyal Society of Chemistry, _c[2015]. |
||
| 300 |
_axxxii, 395 pages : _billustrations ; _c23 cm. |
||
| 500 | _aFormerly CIP. Includes bibliographical references and index. | ||
| 650 |
_a Chemistry _vMiscellanea |
||
| 942 |
_2ddc _cNFIC |
||